C3(東京外環道)のIC - Statistics

General Stats
  • This quiz has been taken 207 times
  • The average score is 16 of 23
Answer Stats
東京外環道 % Correct
JCT 三郷
93%
IC/JCT 大泉
91%
JCT 川口
91%
JCT 美女木
89%
IC 和光
86%
IC 松戸
79%
IC 川口東
75%
IC 川口西
74%
IC 草加
72%
IC 戸田西
67%
JCT 高谷
67%
IC 三郷南
66%
IC 戸田東
64%
JCT 京葉
64%
IC 市川北
63%
IC 和光北
62%
PA 新倉
59%
IC 市川南
59%
IC 三郷中央
55%
IC 川口中央
54%
IC 市川中央
54%
IC 外環三郷西
50%
IC 外環浦和
49%
No matching quizzes found
Score Distribution
Percent of People with Each Score
Percentile by Number Answered
Your Score History
You have not taken this quiz